=LDR 00000nam 2200000 4500 =001 NUTBA000000000005522 =005 20200827015605 =035 ##$$a 0010-111400000000001 =008 200827################g##########0#ind## =020 ##$$a 978-602-98691-3-2 =082 ##$$a 2x5.4 =100 #$$a Fatihuddin =245 1#$$a Mengapa kita berdzikir : $b Berteman dengan Malaikat, Bercengkrama dengan Allah /$c Fatihuddin, S.Pd. M.Pdi; Editor, Donny Apriliananda =250 ##$$a Cet.1 =260 ##$$a [s.l] :$b Delta Prima Press,$c 2011 =300 ##$$a xii,356 hlm, ; $c 21 x 15 cm. =084 ##$$a 2x5.4 FAT m =650 #4$$a Tasawuf =700 #$$a Donny Apriliananda =504 ##$$a Bibliografi hlm.360-362 =990 ##$$a 21105845